| 000 | 01171nam a2200253 a 4500 | ||
|---|---|---|---|
| 001 | 000017751 | ||
| 005 | 20240302073949.0 | ||
| 008 | 100331s2001 dr a 000 0 spa d | ||
| 020 | _a9993483486 | ||
| 040 |
_aDO-SdBNP _bspa _cBNPHU |
||
| 082 |
_a923.2 _bC343g |
||
| 100 | 1 |
_aCassá, Roberto, _d1948- _910888 |
|
| 245 | 1 | 0 |
_aGaspar Polanco : _bprimer jefe de la Restauración / _cRoberto Cassá. |
| 260 |
_aSanto Domingo : _bTobogan, _c2001. |
||
| 300 |
_a69 p. : _bil. ; _c21 cm. |
||
| 490 | 1 | _aBiografías dominicanas Tobogan ; | |
| 504 | _aBibliografía : p. 69 | ||
| 505 | 0 | _aEl final de la República -- Contradicciones del orden anexionista -- La formación a la rebelión -- Primer jefe de la restauración -- La batalla de Santiago -- Frente a Puerto Plata -- Derrocamiento y muerte de Pepillo Salcedo -- Cénit de la gesta nacional -- Caída de la gesta nacional -- El prócer satanizado -- Bibliografía. | |
| 600 | 1 | 4 |
_aPOLANCO, GASPAR, _d1816-1867 _924589 |
| 651 | 4 |
_aRepública Dominicana _xBiografías _91325 |
|
| 651 | 4 |
_aRepública Dominicana _xHistoria _9170 |
|
| 700 | 1 |
_aManzano, Ramiro, _eil. _9768 |
|
| 830 | 0 |
_aBiografías dominicanas Tobogan ; _9769 |
|
| 999 |
_c17276 _d17276 |
||